000 nkm a22 a 4500
999 _c388246
_d388246
003 BLK
005 20200923161956.0
008 200720b bu ||||| |||| r0| ||bu d
040 _aBLK
041 _aRUS
_cRUS
080 _aИзобразителни изкуства и художествени занаяти
_b73/76
_z73/76
139 _aГжельская роспись
245 _aГжельская роспись
_bАлбум
_cсостав. Николай Алексахин
260 _9209594
_aСофия
_bб. и.
_c1992
300 _a1 албум (30 с.)
_bс ил.
_c21 см
380 _a7
650 0 _9278366
_aЖивопис, руска
650 0 _9300195
_aКерамика, художествена
653 7 _9180586
_aалбуми
700 _9433984
_aАлексахин, Николай Николаевич
_eсъстав.
852 _aЦб 302000
_bЦб
942 _cGRA
_n0
_s1
944 _aCR
_c2020-09-23
_kНР